| 000 | 00862nam a2200265 4500 | ||
|---|---|---|---|
| 001 | 000000005 | ||
| 003 | OSt | ||
| 005 | 20260530113912.0 | ||
| 008 | 260505b CCC||||| |||| 00| 0 eng d | ||
| 020 | _a9787806639382 | ||
| 040 |
_aICI _bspa _cICI |
||
| 041 | _aeng | ||
| 050 |
_aNK1510 _bC45 2010 |
||
| 245 | _aChina red star design award yearbook 2010 | ||
| 260 |
_aBeijing : _bCathay Bookshop, _c2010 |
||
| 300 |
_aVolumen : _bIlustraciones a color |
||
| 650 |
_aDiseño industria _zChina _933595 |
||
| 650 |
_aDiseño de productos _zChina _933596 |
||
| 650 |
_aDiseño _vPremios _zChina _933597 |
||
| 650 |
_aDiseño industrila _vPremios _zChina _933598 |
||
| 650 |
_aDiseño industrial _vAnuarios _zChina _933599 |
||
| 650 |
_aInnovaciones Tecnológicas _vDiseños _933600 |
||
| 710 |
_aOrganizmo Responsable del premio _933601 |
||
| 942 |
_2lcc _cBK _n1 |
||
| 999 |
_c12172 _d12172 |
||